Η ελευθερία σαν ιδέα και σαν πραγματικότητα

Αποθηκεύτηκε σε:
Λεπτομέρειες βιβλιογραφικής εγγραφής
Κύριος συγγραφέας: Πανταζόπουλος, Νικόλαος Ι., 1912-
Μορφή: Βιβλίο
Γλώσσα:Greek
Δημοσίευση: Θεσσαλονίκη : [Αλτιτζής], 1976
Θέματα:
Ετικέτες: Προσθήκη ετικέτας
Δεν υπάρχουν, Καταχωρήστε ετικέτα πρώτοι!

MARC

LEADER 00000cam a2200000 i 4500
001 1/45562
008 070606s1976 gre d
035 |l 10088153 
040 |a GR-MY-UA  |b gre  |e aacr 
041 0 |a gre 
082 0 |a 323.44  |2 (22) 
100 1 |a Πανταζόπουλος, Νικόλαος Ι.,   |d 1912- 
245 1 2 |a Η ελευθερία σαν ιδέα και σαν πραγματικότητα /  |c υπό Νικόλαου Ι. Πανταζοπούλου 
260 |a Θεσσαλονίκη :   |b [Αλτιτζής],   |c 1976 
300 |a 28 σ.;  |c 24 εκ. 
500 |a Ανάτυπο. Πανηγυρικός που εκφωνήθηκε στην Κομοτηνή, στις 25 Μαρτίου 1976, για τον εορτασμό της επετείου της Εθνικής Παλιγγενεσίας από το Δημοκρίτειο Πανεπιστήμιο Θράκης 
504 |a Περιλαμβάνει βιβλιογραφία 
650 0 0 |a Liberty. 
852 |a INST  |b CHIOS  |e 20070606  |h 323.44 ΠΑΝ  |p 005200026164  |q 005200026164  |t BK  |y 0 
901 |a BIBL2-2007-2 
909 |a Χ  |b 131054 
970 |a ΒΑΣΙΛΑΚΗ  |b ΝΙΚΗ  |z 2007/06/06